[Event "Asian U20"]
[Site "Tehran IRI"]
[Date "2001.07.19"]
[Round "10"]
[White "Mousavi,S"]
[Black "Shaarbaf,M"]
[Result "1-0"]
[WhiteElo "2139"]
[BlackElo "2227"]

1.Nf3 d5 2.c4 e6 3.g3 dxc4 4.Qa4+ Nd7 5.Bg2 Rb8 6.Qxc4 c5 7.d3 b5 8.Qc2 Bb7
9.O-O Be7 10.a4 a6 11.Bf4 Rc8 12.axb5 axb5 13.Nc3 Qb6 14.Qb3 b4 15.Na4 Qd8
16.Nd2 Bxg2 17.Kxg2 Ngf6 18.Nc4 Nd5 19.Bd6 Rc6 20.Bxe7 Kxe7 21.e4 Nc7 22.d4 cxd4
23.Qxb4+ Kf6 24.Na5 Ra6 25.Qxd4+ e5 26.Qd2 Ne6 27.Nc3 Nb6 28.Qe2 Qa8 29.Qf3+ Kg6
30.Qg4+ Kh6 31.Qh4+ Kg6 32.Nc6 f6 33.Rxa6 Qxa6 34.f4 exf4 35.gxf4 Kf7 36.f5 Ng5
37.Qh5+ g6 38.fxg6+ Kg7 39.Ne7 Ne6 40.Qf5 Nd7 41.gxh7 Ndf8 42.Qg4+  1-0

[Event "16th Maccabia GM"]
[Site "Tel Aviv ISR"]
[Date "2001.07.19"]
[Round "5"]
[White "Shutzman,J"]
[Black "Mikhalevski,A"]
[Result "1/2-1/2"]
[WhiteElo "2212"]
[BlackElo "2439"]

1.Nf3 d5 2.c4 e6 3.e3 Nf6 4.b3 Be7 5.Bb2 O-O 6.Be2 b6 7.O-O Bb7 8.d4 Nbd7
9.Nc3 c5 10.cxd5 exd5 11.Rc1 Bd6 12.Rc2 Qe7 13.Re1 Rac8 14.Nb5 Bb8 15.Ba3 Ne4
16.Nc3 Qf6 17.Qc1 Rfd8 18.Bb5 Nf8 19.dxc5 bxc5 20.Nxe4 dxe4 21.Nd2 Ne6 22.Nf1 Rd5
23.Bc4 Rh5 24.Bxe6 fxe6 25.Ng3 Qh4 26.h3 Bxg3 27.fxg3 Qxg3 28.Kh1 Ba6 29.Qd2 Bd3
30.Qf2 Qe5 31.Bb2 Qg5 32.Rd2 Rf8 33.Qg1 Qg3 34.Bc3 Rhf5 35.Rdd1 Rf2 36.Qh2 Qxh2+
37.Kxh2 Rxa2 38.Ra1 Rc2 39.Be5 Rff2 40.Rxa7 Rxg2+ 41.Kh1 Rcf2 42.Rc7 Rg5
43.Rg1 Rf1 44.Rxf1 Bxf1 45.Rxc5 Bxh3 46.b4 Bg2+ 47.Kh2 Bf1 48.b5 Rg2+ 49.Kh1 Rg5
50.Rc8+ Kf7 51.Rc7+ Ke8 52.b6 Rxe5 53.b7 Rb5 54.Rc8+ Kf7 55.b8=Q Rxb8 56.Rxb8 Bh3
57.Kh2 Bf5 58.Kg3 g5 59.Rb7+ Kf6 60.Rb8 h5 61.Rf8+ Kg7 62.Rb8 h4+ 63.Kh2 g4
64.Rd8 g3+ 65.Kg2 Bg4 66.Rb8 Bf5 67.Rd8  1/2-1/2

[Event "Heart of Finland Open"]
[Site "Jyvaskyla FIN"]
[Date "2001.07.20"]
[Round "6"]
[White "Nyback,T"]
[Black "Rytshagov,M"]
[Result "1/2-1/2"]
[WhiteElo "2345"]
[BlackElo "2501"]

1.Nf3 d5 2.c4 dxc4 3.Na3 a6 4.Nxc4 b5 5.Ne3 Bb7 6.g3 Nf6 7.Bg2 e6 8.O-O Nbd7
9.b3 Bd6 10.Bb2 O-O 11.Rc1 c5 12.d4 Rc8 13.dxc5 Bxc5 14.Bd4 Qa5 15.Bxc5 Nxc5
16.Qd4 Rfd8 17.Qb2 Qb6 18.Rfd1 h6 19.Rxd8+ Rxd8 20.Qe5 Nd5 21.Nxd5 Bxd5 22.Qe3 Nd7  1/2-1/2

[Event "Open"]
[Site "Novosibirsk RUS"]
[Date "2001.07.21"]
[Round "3"]
[White "Popov,Ro2"]
[Black "Pozharsky,N"]
[Result "1-0"]
[WhiteElo "2348"]
[BlackElo "2167"]

1.Nf3 d5 2.c4 c6 3.e3 Nf6 4.Nc3 Nbd7 5.d4 e6 6.Qc2 Bd6 7.Bd3 O-O 8.O-O h6
9.Rd1 Re8 10.e4 dxe4 11.Nxe4 Nxe4 12.Bxe4 Qe7 13.b3 c5 14.Bb2 cxd4 15.Nxd4 a6
16.g3 Be5 17.Rd2 Nf8 18.Nc6 bxc6 19.Bxe5 Bb7 20.Qc3 f6 21.Bd6 Qf7 22.Rad1 Red8
23.Qe3 Rac8 24.Bxf8 Rxd2 25.Rxd2 Kxf8 26.Rd6 e5 27.Bf5 Re8 28.Rd7 Re7 29.Qc5 Ke8
30.Rxb7 Rxb7 31.Qxc6+ Rd7 32.f3 Kd8 33.Qxd7+ Qxd7 34.Bxd7 Kxd7 35.Kf2 Kd6
36.b4 g6 37.Ke3 f5 38.Kd3 Kc6 39.a4 Kb6 40.c5+ Kc6 41.Kc4 g5 42.b5+ axb5+
43.axb5+ Kd7 44.Kd5 e4 45.fxe4 f4 46.gxf4  1-0

[Event "Czech Open"]
[Site "Pardubice CZE"]
[Date "2001.07.22"]
[Round "3"]
[White "Tomashevsky,E"]
[Black "Sasikiran,K"]
[Result "1/2-1/2"]
[WhiteElo "2449"]
[BlackElo "2589"]

1.Nf3 d5 2.c4 dxc4 3.e3 Nf6 4.Bxc4 c5 5.d4 e6 6.O-O a6 7.b3 Nbd7 8.Bb2 Be7
9.Nbd2 O-O 10.Qe2 b5 11.Bd3 cxd4 12.Bxd4 Bb7 13.Rfd1 Qb8 14.Bb2 Rd8 15.Rac1 Qa7
16.Bb1 Rac8 17.Rxc8 Rxc8 18.Nf1 Qa8 19.Ng3 Nc5 20.Ne1 Nce4 21.Bxe4 Bxe4 22.Bxf6 Bxf6
23.Nxe4 Qxe4 24.g3 h6 25.Qd3 Qb4 26.Nf3 Rc3 27.Qb1 Qc5 28.Qe4 Qc8 29.Kg2 Rc2
30.Rd2 Rc1 31.Qd3 Qc6 32.Qd6 Qa8 33.Rd1 Rc8 34.Qd3 Rc3 35.Qd6 g5 36.g4 h5
37.h3 Rc8 38.Qd3 Rc3 39.Qd6 Rc8 40.Qd3 Rc3 41.Qd6 h4 42.Qb4 Rc2 43.a4 bxa4
44.Qxa4 Rb2 45.Rd6 a5 46.Rb6 Qd8 47.Rb7 Kg7 48.Qc6 Be7 49.Nd4 Ra2 50.Qf3 Qd6
51.Nb5 Qd8 52.Nd4 Qd6  1/2-1/2

[Event "Czech Open"]
[Site "Pardubice CZE"]
[Date "2001.07.22"]
[Round "3"]
[White "Socko,B"]
[Black "Jackova,J"]
[Result "1/2-1/2"]
[WhiteElo "2559"]
[BlackElo "2350"]

1.Nf3 d5 2.c4 c6 3.e3 Nf6 4.Nc3 e6 5.b3 Bd6 6.Bb2 O-O 7.g3 a6 8.Bg2 e5 9.d3 h6
10.e4 Be6 11.O-O Nbd7 12.Re1 Re8 13.a3 b5 14.cxd5 cxd5 15.d4 dxe4 16.Nxe4 Nxe4
17.dxe5 Nxf2 18.Qxd6 Nh3+ 19.Kf1 Rc8 20.Rac1 Nc5 21.Rxc5 Qxd6 22.exd6 Rxc5
23.d7 Rd8 24.Rxe6 fxe6 25.Bxh3 Rc2 26.Bxe6+ Kf8 27.Ne5 Rxd7 28.Nxd7+ Ke7
29.Nc5 Rxb2 30.Bg4 Rxh2 31.a4 bxa4 32.bxa4 Ra2 33.Bd1 Ra3 34.g4 a5 35.Ke2 g6
36.Nb7 h5 37.Nxa5 hxg4 38.Nc4  1/2-1/2

[Event "Open"]
[Site "Novosibirsk RUS"]
[Date "2001.07.23"]
[Round "5"]
[White "Pokrasenko,A"]
[Black "Kirchanov,A"]
[Result "0-1"]
[WhiteElo "2188"]
[BlackElo "2331"]

1.Nf3 d5 2.c4 e6 3.b3 Nf6 4.g3 a5 5.Ba3 Bb4 6.Qc2 Nc6 7.Bg2 d4 8.O-O e5 9.d3 O-O
10.Bxb4 axb4 11.a4 Nd7 12.Rd1 Nc5 13.Nbd2 f5 14.Nf1 e4 15.N3d2 Qf6 16.dxe4 d3
17.exd3 Nd4 18.Qb1 fxe4 19.Nxe4 Nxe4 20.Bxe4 Qxf2+ 21.Kh1 Nf3 22.Bxf3 Qxf3+
23.Kg1 Qf2+ 24.Kh1 Bh3  0-1

[Event "ch-Paris Open"]
[Site "Paris FRA"]
[Date "2001.07.23"]
[Round "3"]
[White "Salaun,Y"]
[Black "Gaston,S"]
[Result "1-0"]
[WhiteElo "2405"]
[BlackElo "2238"]

1.Nf3 d5 2.c4 c6 3.b3 Bg4 4.Bb2 Nd7 5.e3 e5 6.cxd5 cxd5 7.Bb5 Bd6 8.h3 Bxf3
9.Qxf3 Nf6 10.Nc3 e4 11.Qf5 g6 12.Nxe4 gxf5 13.Nxf6+ Ke7 14.Bxd7 Ba3 15.Bxa3+ Kxf6
16.Bb2+ Kg6 17.Bb5 f6 18.Bd3 h5 19.Ke2 h4 20.g4 hxg3 21.fxg3 d4 22.Raf1 Re8
23.Rxf5 Kg7 24.Rhf1 Re6 25.R1f4 dxe3 26.dxe3 Qe8 27.Rxf6 Rxe3+ 28.Kf2 Rxd3
29.Rf7+ Kh6 30.R4f6+ Kh5 31.Rh7+ Kg5 32.Rg7+ Kh5 33.g4+  1-0

[Event "Czech Open"]
[Site "Pardubice CZE"]
[Date "2001.07.24"]
[Round "5"]
[White "Slavina,I"]
[Black "Zurek,M"]
[Result "1/2-1/2"]
[WhiteElo "2327"]
[BlackElo "2443"]

1.Nf3 d5 2.c4 c6 3.b3 Bg4 4.Bb2 e6 5.e3 Nd7 6.Be2 Ngf6 7.O-O Be7 8.d3 O-O
9.Nbd2 Ne8 10.a3 Bf6 11.Bxf6 Qxf6 12.h3 Bh5 13.b4 Qe7 14.d4 a6 15.e4 Bg6
16.exd5 exd5 17.cxd5 cxd5 18.Re1 Qd6 19.Nb3 b6 20.Ne5 a5 21.Bb5 Nef6 22.bxa5 bxa5
23.a4 Rfc8 24.Nxd7 Nxd7 25.Bxd7 Qxd7 26.Nc5 Qd6 27.Ra3 Rcb8 28.Rb3 Rxb3 29.Qxb3 h5
30.Re5 Rb8 31.Qg3 Rb1+ 32.Kh2 Qd8 33.Ne6 Qc8 34.Nc5 Qd8 35.Ne6 Qb6 36.Qg5 Rd1
37.Nf4 Qxd4 38.Rxd5  1/2-1/2

[Event "MTO"]
[Site "Biel SUI"]
[Date "2001.07.25"]
[Round "3"]
[White "Kunte,A"]
[Black "Masserey,Y"]
[Result "1-0"]
[WhiteElo "2547"]
[BlackElo "2374"]

1.Nf3 d5 2.c4 d4 3.b4 g6 4.g3 Bg7 5.d3 e5 6.Bg2 Ne7 7.O-O O-O 8.Nbd2 a5 9.b5 c5
10.bxc6 Nexc6 11.Rb1 Na6 12.Nb3 h6 13.Ba3 Re8 14.Nfd2 Nab4 15.Nc5 Bf8 16.Na4 Nxa2
17.Bxf8 Rxf8 18.c5 Nab4 19.Ne4 Be6 20.Nd6 Qc7 21.Qd2 Kg7 22.f4 f6 23.f5 gxf5
24.Nb6 Rad8 25.Nbc4 Rd7 26.Rxf5 Ne7 27.Rxf6  1-0

[Event "Open"]
[Site "Novosibirsk RUS"]
[Date "2001.07.25"]
[Round "7"]
[White "Pokrasenko,A"]
[Black "Katalymov,B"]
[Result "0-1"]
[WhiteElo "2188"]
[BlackElo "2424"]

1.Nf3 d5 2.c4 e6 3.g3 Nf6 4.Bg2 Be7 5.b3 Nc6 6.Bb2 a5 7.O-O a4 8.Ba3 Nb4
9.d4 O-O 10.Ne5 c5 11.Bxb4 cxb4 12.c5 Nd7 13.f4 Nxe5 14.fxe5 axb3 15.Qxb3 b6
16.cxb6 Ba6 17.Qb2 Qxb6 18.Rf2 f6 19.exf6 Bxf6 20.e3 Bg5 21.Qd2 Qb5 22.Bh3 Rxf2
23.Qxf2 Qd3 24.Bxe6+ Kh8 25.Bf5 Qd1+ 26.Kg2 Bxe3 27.Bc2 Bxf2  0-1

[Event "Czech Open"]
[Site "Pardubice CZE"]
[Date "2001.07.25"]
[Round "6"]
[White "Gerzhoy,L"]
[Black "De Vreugt,D"]
[Result "1/2-1/2"]
[WhiteElo "2257"]
[BlackElo "2429"]

1.Nf3 d5 2.c4 d4 3.e3 dxe3 4.fxe3 Nd7 5.d4 g6 6.Nc3 Bg7 7.c5 e6 8.Bc4 Ne7
9.O-O O-O 10.e4 b6 11.Bg5 h6 12.Bh4 bxc5 13.dxc5 Bb7 14.Qe2 a6 15.Rad1 Qe8
16.Qe3 Rc8 17.Rd2 Nc6 18.Rfd1 Nde5 19.Nxe5 Nxe5 20.Be2 g5 21.Bg3 Qe7 22.b4 Rcd8
23.a4 Rxd2 24.Rxd2 f5 25.exf5 exf5 26.Bxe5 Qxe5 27.Qxe5 Bxe5 28.Bc4+ Kh8
29.Nd5 Rd8 30.Rd1 c6 31.Ne3 Rd4 32.Kf1 Rxd1+ 33.Nxd1 Bxh2 34.Ne3 Bc8 35.Bf7 f4
36.Nc4 Bf5 37.Ke2 Be4 38.Ne5 Bxg2 39.Nf3 Bg3 40.Be6 Kg7 41.Bd7 Kf6 42.Bxc6 g4
43.b5 axb5 44.a5 Bxf3+ 45.Bxf3 gxf3+ 46.Kxf3 b4 47.a6 b3 48.a7 b2 49.a8=Q b1=Q
50.Qd8+ Kf7 51.Qd7+ Kg8 52.Qe8+ Kg7 53.Qe7+ Kg6 54.Qe8+ Kg5 55.Qe7+ Kg6  1/2-1/2

[Event "Czech Open"]
[Site "Pardubice CZE"]
[Date "2001.07.25"]
[Round "6"]
[White "Vokac,M"]
[Black "Gavrilov,Al"]
[Result "1-0"]
[WhiteElo "2507"]
[BlackElo "2438"]

1.Nf3 d5 2.c4 e6 3.b3 c5 4.g3 Nc6 5.Bg2 Be7 6.cxd5 exd5 7.O-O Bf6 8.Nc3 Nge7
9.Bb2 O-O 10.Rc1 b6 11.d3 Be6 12.e3 Qd7 13.Qd2 Rad8 14.Ne2 Bxb2 15.Qxb2 d4
16.exd4 cxd4 17.Nf4 Bg4 18.Rfe1 Qd6 19.Nd2 Bf5 20.Nc4 Qf6 21.b4 b5 22.Na5 Nxa5
23.bxa5 Ng6 24.Nd5 Qd6 25.Qxb5 Be6 26.Nc7 Bxa2 27.Qa4 Rc8 28.Ne8 Rxc1 29.Rxc1 Qe5
30.Nc7 Rc8 31.Qb4 Nf8 32.Qb7 Be6 33.Qxa7 Qe2 34.Bf1 Qf3 35.Rc5 Nd7 36.Nxe6 Nxc5
37.Nxc5 g6 38.Ne4 Rc1 39.Qb8+ Kg7 40.Qe5+ Kf8 41.Qh8+ Ke7 42.Qxd4  1-0

[Event "Czech Open"]
[Site "Pardubice CZE"]
[Date "2001.07.26"]
[Round "7"]
[White "Szekely,P"]
[Black "Tokmachev,M"]
[Result "1/2-1/2"]
[WhiteElo "2430"]
[BlackElo "2313"]

1.Nf3 d5 2.c4 c6 3.cxd5 cxd5 4.d4 Nf6 5.Nc3 Nc6 6.Bf4 Bf5 7.e3 e6 8.Qb3 Bb4
9.Bb5 O-O 10.O-O Qe7 11.Bxc6 bxc6 12.Na4 Nh5 13.a3 Ba5 14.Rac1 Rac8 15.Nc5 Nxf4
16.exf4 Rb8 17.Qa2  1/2-1/2

[Event "Czech Open"]
[Site "Pardubice CZE"]
[Date "2001.07.27"]
[Round "8"]
[White "Teske,H"]
[Black "Fridman,D"]
[Result "1/2-1/2"]
[WhiteElo "2486"]
[BlackElo "2562"]

1.Nf3 d5 2.c4 d4 3.b4 c5 4.Bb2 Nf6 5.g3 a5 6.bxc5 Nc6 7.d3 e5 8.Bg2 Bxc5
9.Nbd2 a4 10.O-O h6 11.Ne1 Qe7 12.Nc2 Bf5 13.Rb1 O-O 14.Ba1 Ra7 15.Rb5 Qd6
16.Kh1 b6 17.f4 Bd7 18.Nf3 exf4 19.gxf4 Re8 20.Qd2  1/2-1/2

[Event "ch-Paris Open"]
[Site "Paris FRA"]
[Date "2001.07.27"]
[Round "7"]
[White "Salaun,Y"]
[Black "Kruppa,Y"]
[Result "0-1"]
[WhiteElo "2405"]
[BlackElo "2552"]

1.Nf3 d5 2.c4 e6 3.b3 Be7 4.Bb2 Bf6 5.d4 dxc4 6.bxc4 c5 7.e3 Nc6 8.Qd2 cxd4
9.exd4 Nge7 10.Na3 Qa5 11.Qxa5 Nxa5 12.Be2 O-O 13.O-O b6 14.Bc3 Nac6 15.Rac1 Bb7
16.Ne5 Rfd8 17.Rfd1 Nf5 18.Nxc6 Bxc6 19.d5 exd5 20.Bxf6 gxf6 21.Bf3 Ne7 22.c5 Rdc8
23.cxb6 axb6 24.Nc2 Ba4 25.Re1 Rxc2 26.Rxc2 Bxc2 27.Rxe7 Rxa2 28.h4 Ra5 29.Rd7 Bb3
30.Kh2 Ra4 31.h5 Kg7 32.Bxd5 Bxd5 33.Rxd5 Ra5 34.h6+ Kg6 35.Rd6 Rb5 36.Kg3 Kg5
37.f3 Rb2 38.Rc6 Kg6 39.Rd6 Rb4 40.Rc6 Kg5 41.Rc7 Kg6 42.Rc6 Rb2 43.Kh3 b5
44.Rb6 b4 45.g4 b3 46.Kg3 Rb1 47.Kf4 b2 48.Rb5 Kxh6 49.Rb6 Kg6 50.Rb8 Kg7
51.Rb6 Kf8 52.Rb7 h6 53.Rb6 Ke7 54.Rb7+ Ke6 55.Rb5 f5 56.Rb4 Kd5 57.Kxf5 Rf1
58.Rb5+ Kd4 59.g5 b1=Q+  0-1

[Event "Open"]
[Site "Novosibirsk RUS"]
[Date "2001.07.28"]
[Round "10"]
[White "Pokrasenko,A"]
[Black "Yakimov,S"]
[Result "1/2-1/2"]
[WhiteElo "2188"]
[BlackElo "2265"]

1.Nf3 d5 2.c4 e6 3.g3 Nf6 4.Bg2 Be7 5.b3 Nc6 6.Bb2 a5 7.a3 d4 8.e3 e5 9.O-O O-O
10.d3 h6 11.Qe2 Re8 12.e4 Nd7 13.Ne1 Nc5 14.Qc2 f5 15.exf5 Bxf5 16.Nd2 Qd7
17.Bd5+ Kh8 18.f3 Rf8 19.Ne4 Be6 20.Nxc5 Bxc5 21.Be4 Rab8 22.Ng2 Bf5 23.Rae1 Qd6
24.Qc1 Rf6 25.f4 Bxe4 26.Rxe4 Rbf8 27.Rfe1 exf4 28.Nxf4 Nd8 29.Qd2 Bxa3 30.Bxd4 Bc5
31.Qe3 Bxd4 32.Qxd4 Qxd4+ 33.Rxd4 Kh7 34.Rd7 R6f7 35.Ree7 Rxe7 36.Rxe7 Rf7
37.Rxf7 Nxf7 38.Kf2 g5 39.Ne6 c6 40.Ke3 Kg6 41.g4 h5 42.gxh5+ Kxh5 43.Kd4 b6
44.Ke4 Kg4 45.d4 b5 46.cxb5 cxb5 47.Kd5  1/2-1/2

[Event "1st Asean Open"]
[Site "Bandar Seri Begawan BRU"]
[Date "2001.07.30"]
[Round "2"]
[White "Villamayor,B"]
[Black "Megararanto,S"]
[Result "0-1"]
[WhiteElo "2560"]
[BlackElo "2234"]

1.Nf3 d5 2.c4 c6 3.e3 Nf6 4.d4 e6 5.Bd3 Nbd7 6.O-O Be7 7.Nc3 O-O 8.e4 dxe4
9.Nxe4 b6 10.Qe2 Bb7 11.Nxf6+ Nxf6 12.Bg5 c5 13.dxc5 bxc5 14.Rad1 Qc7 15.Ne5 Rad8
16.Bc2 Rd4 17.Rxd4 cxd4 18.Re1 Rd8 19.Bd3 h6 20.Bh4 Re8 21.f4 Nd7 22.Bxe7 Nxe5
23.Qxe5 Qxe5 24.fxe5 Rxe7 25.b4 f6 26.Bg6 Rc7 27.c5 Bd5 28.a3 Kf8 29.Be4 Bc4
30.a4 fxe5 31.b5 Rxc5 32.Rc1 Ke7 33.Bd3 e4 34.Rxc4 exd3 35.Rxd4 Rxb5  0-1

[Event "Zhong Hong Real Estate Cup"]
[Site "Beijing CHN"]
[Date "2001.07.30"]
[Round "11"]
[White "Liang Chong"]
[Black "Li Shilong"]
[Result "0-1"]
[WhiteElo "2556"]
[BlackElo "2486"]

1.Nf3 d5 2.c4 c6 3.b3 Nf6 4.Bb2 e6 5.Qc2 Nbd7 6.d4 Ne4 7.g3 Bb4+ 8.Nbd2 Qf6
9.Rd1 Bxd2+ 10.Rxd2 Nxd2 11.Qxd2 O-O 12.Bg2 Qe7 13.O-O b6  0-1

[Event "Rapidplay"]
[Site "Liepaja LAT"]
[Date "2001.08.02"]
[Round "1"]
[White "Fridman,D"]
[Black "Dlugy,M"]
[Result "0-1"]
[WhiteElo "2562"]
[BlackElo "2531"]

1.Nf3 d5 2.c4 dxc4 3.Qa4+ Nc6 4.e3 g6 5.Bxc4 Bg7 6.d4 e6 7.O-O Ne7 8.Nc3 O-O
9.a3 Nd5 10.Qc2 Nxc3 11.bxc3 e5 12.h3 Qe7 13.a4 Rd8 14.Ba3 Qf6 15.Nd2 Na5
16.Ne4 Qc6 17.Bb5 Qe6 18.Rad1 exd4 19.cxd4 c6 20.Be2 Bf8 21.Bb2 Bg7 22.Bc3 b6
23.Bb4 h6 24.Rc1 Rd5 25.Bf3 Ba6 26.Rfd1 Nc4  0-1

[Event "Magistral BCX"]
[Site "Brasilia BRA"]
[Date "2001.08.05"]
[Round "1"]
[White "Teixeira,R"]
[Black "Cubas,Jo"]
[Result "0-1"]
[WhiteElo "2349"]
[BlackElo "2290"]

1.Nf3 d5 2.c4 c6 3.e3 Nf6 4.Nc3 a6 5.d4 b5 6.cxd5 cxd5 7.Be2 e6 8.Ne5 Bd6
9.O-O O-O 10.Bd2 Bb7 11.f4 b4 12.Na4 Ne4 13.Be1 f6 14.Nd3 Qe7 15.Rc1 Nd7
16.Nf2 Nxf2 17.Bxf2 Rac8 18.Bd3 Rxc1 19.Qxc1 Rc8 20.Qb1 f5 21.Rc1 Qd8 22.Rxc8 Qxc8
23.g4 g6 24.g5 Qc6 25.b3 Kf8 26.Qc2 Qxc2 27.Bxc2 Bc6 28.Nb2 a5 29.Nd3 Ke8
30.Be1 Bb5 31.Kf2 Kd8 32.a3 Bxd3 33.Bxd3 bxa3 34.Bxa5+ Kc8 35.Ke2 a2 36.Bc3 Bb4
37.Ba1 Kc7 38.Bb5 Nb8 39.Be8 Nd7 40.Kd3 Kd8 41.Bf7 Ke7 42.Bg8 Nb8 43.h4 Na6
44.Ke2 Nc7 45.Bxh7 Kf7 46.h5 gxh5 47.e4 Kg7  0-1

[Event "Open"]
[Site "Olomouc CZE"]
[Date "2001.08.05"]
[Round "4"]
[White "Jaehnisch,F"]
[Black "Sosna,J"]
[Result "0-1"]
[WhiteElo "2293"]
[BlackElo "2411"]

1.Nf3 d5 2.c4 e6 3.g3 Nf6 4.Bg2 c5 5.O-O Nc6 6.b3 d4 7.d3 e5 8.Na3 Bd6 9.Nc2 O-O
10.e4 a6 11.Nfe1 b5 12.f4 bxc4 13.bxc4 Rb8 14.fxe5 Nxe5 15.Bg5 Be7 16.Bf4 Bg4
17.Nf3 Nfd7 18.Qd2 Bd6 19.Nxe5 Nxe5 20.Rab1 Qd7 21.Rb3 h6 22.Rfb1 Rxb3 23.Rxb3 Rb8
24.Bxe5 Bxe5 25.Na1 Qc7 26.Kf2 h5 27.Bf3 Bxf3 28.Kxf3 Re8 29.Ra3 Re6 30.Qa5 Qc8
31.Nb3 Rg6 32.Nxc5 Qg4+ 33.Kf2 Bxg3+ 34.hxg3 Qxg3+ 35.Ke2 Qh2+  0-1

[Event "Open"]
[Site "Olomouc CZE"]
[Date "2001.08.05"]
[Round "5"]
[White "Chytilek,R"]
[Black "Wiesinger,R"]
[Result "1-0"]
[WhiteElo "2411"]
[BlackElo "2215"]

1.Nf3 d5 2.c4 dxc4 3.Na3 c5 4.Nxc4 b5 5.Ne3 Bb7 6.a4 a6 7.axb5 axb5 8.Rxa8 Bxa8
9.Qb3 Qa5 10.Ne5 e6 11.N3c4 Qa6 12.e3 Nd7 13.Nxd7 bxc4 14.Bxc4 Qa1 15.Ne5 Bd6
16.Qb5+ Kf8 17.Qd7  1-0

[Event "Slavonija"]
[Site "Vukovar CRO"]
[Date "2001.08.05"]
[Round "4"]
[White "Feletar,D"]
[Black "Mladenovic,V"]
[Result "1-0"]
[WhiteElo "2441"]
[BlackElo "2287"]

1.Nf3 d5 2.c4 c6 3.e3 Nf6 4.Nc3 Qb6 5.Qc2 Nbd7 6.d4 Qc7 7.Bd3 a6 8.e4 dxe4
9.Nxe4 Nxe4 10.Bxe4 Nf6 11.Bd3 Bg4 12.Ne5 Qd6 13.Be3 Bh5 14.Qb3 b5 15.a4 bxc4
16.Qxc4 Nd5 17.O-O e6 18.Nxc6 Be7 19.Nxe7 Kxe7 20.Rfc1 Nb4 21.Be4 Rac8 22.Qxc8 Rxc8
23.Rxc8 f5 24.Ba8 f4 25.Bd2 Nd3 26.Bc3 f3 27.Be4 Nf4 28.gxf3 Nh3+ 29.Kg2 Qf4
30.Bb4+ Kd7 31.Rac1 Ng5 32.R1c7+ Qxc7 33.Rxc7+ Kxc7 34.Ba5+ Kd6 35.Bb7 e5
36.dxe5+ Kxe5 37.Bc3+ Kf4 38.Bd2+ Kf5 39.Bxg5 Kxg5 40.Bxa6  1-0

[Event "Nordic Championships"]
[Site "Bergen NOR"]
[Date "2001.08.07"]
[Round "4"]
[White "Gabrielsen,T"]
[Black "Guzik,J"]
[Result "1-0"]
[WhiteElo "2217"]
[BlackElo "2095"]

1.Nf3 d5 2.c4 e6 3.g3 g6 4.Bg2 Bg7 5.O-O c5 6.Nc3 Ne7 7.cxd5 Nxd5 8.Ne4 Qe7
9.Qc2 Nd7 10.d3 O-O 11.Bg5 f6 12.Bd2 b6 13.d4 Bb7 14.dxc5 bxc5 15.a3 Rac8
16.Rac1 Kh8 17.Rfd1 e5 18.Nc3 Nxc3 19.Bxc3 Nb6 20.Nd2 Bxg2 21.Kxg2 Rfd8 22.Kg1 Rd7
23.Ne4 f5 24.Rxd7 Nxd7 25.Nd2 Nb6 26.Qb3 Qd7 27.Nf3 Qe7 28.Rd1 h6 29.a4 c4
30.Qb5 Rc5 31.Qa6 Qf7 32.a5 Na4 33.Bb4 Rd5 34.Rxd5 Qxd5 35.Qxg6 Nxb2 36.Qxf5 Qd1+
37.Kg2 Qxe2 38.Qc8+ Kh7 39.Qf5+ Kg8 40.Qc8+ Kh7 41.Qf5+ Kg8 42.Nh4 Qd3 43.Qe6+ Kh7
44.Nf5 Qe4+ 45.f3 Qa8 46.Nxg7  1-0

[Event "Nordic Championships"]
[Site "Bergen NOR"]
[Date "2001.08.09"]
[Round "6"]
[White "Gabrielsen,T"]
[Black "Karlsen,T"]
[Result "1/2-1/2"]
[WhiteElo "2217"]
[BlackElo "2068"]

1.Nf3 d5 2.c4 dxc4 3.Na3 a6 4.Nxc4 b5 5.Nce5 f6 6.Nd3 e5 7.e4 Be6 8.Be2 Bd6
9.O-O c5 10.a4 Nd7 11.Nde1 Rb8 12.axb5 axb5 13.Ra6 Rb6 14.Bxb5 Rxb5 15.Rxd6 Rb6
16.Rxb6 Qxb6 17.Qa4 Ne7 18.d3 O-O 19.Nd2 Qb7 20.Nc4 Ra8 21.Qd1 Rd8 22.Qe2 Nc6
23.Be3 Nd4 24.Bxd4 cxd4 25.Qc2 Rb8  1/2-1/2

[Event "FSIMA August"]
[Site "Budapest HUN"]
[Date "2001.08.10"]
[Round "7"]
[White "Moloney,N"]
[Black "Bognar,C"]
[Result "0-1"]
[WhiteElo "2208"]
[BlackElo "2238"]

1.Nf3 d5 2.c4 e6 3.b3 Nf6 4.Bb2 Be7 5.g3 O-O 6.Bg2 c6 7.O-O Nbd7 8.Na3 e5
9.cxd5 cxd5 10.Nc2 Bd6 11.Ne3 Re8 12.d4 e4 13.Nh4 Nb6 14.a4 Be6 15.a5 Nc8
16.f3 Ne7 17.fxe4 dxe4 18.Kh1 Ned5 19.Nc4 Bb4 20.Qc2 Rc8 21.Bc1 Bxa5 22.Qb1 Bb6
23.e3 Nc3 24.Qb2 Bxc4 25.bxc4 Rxc4 26.Qf2 Ncd5 27.Bh3 Qc7 28.Qf5 Rd8 29.Bg2 Ne7
30.Qh3 Qc8 31.Nf5 Nxf5 32.Qxf5 Qxf5 33.Rxf5 Rdc8 34.Bd2 Rc2 35.Bb4 Rc1+ 36.Rxc1 Rxc1+
37.Rf1 Rxf1+ 38.Bxf1 Ng4 39.Bd2 Bc7 40.Bc4 b6 41.Kg2 Bd6 42.h3 Nf6 43.g4 h6
44.Ba6 Kf8 45.Kf2 Ke7 46.Ke2 Kd7 47.Bc4 Ke7 48.Ba6 h5 49.gxh5 Nxh5 50.Be1 g5
51.Kd1 f5 52.Kc2 Kf6 53.Kb3 f4 54.exf4 gxf4 55.Bb7 Kf5 56.Bc8+ Kg5 57.Kc4 Nf6
58.Kb5 f3 59.Kc6 Bf4 60.d5 Ne8 61.Bb4 e3 62.Bg4 f2 63.Be2 Kh4  0-1

[Event "Nordic Championships"]
[Site "Bergen NOR"]
[Date "2001.08.11"]
[Round "8"]
[White "Gausel,E"]
[Black "Gunnarsson,Arn"]
[Result "1-0"]
[WhiteElo "2520"]
[BlackElo "2263"]

1.Nf3 d5 2.c4 c6 3.d4 Nf6 4.Qc2 g6 5.Bf4 Bg7 6.e3 O-O 7.Nc3 Ne4 8.Bd3 Nxc3
9.bxc3 Nd7 10.O-O dxc4 11.Bxc4 Qa5 12.Bg3 Nb6 13.Be2 Be6 14.a4 Bc4 15.Bxc4 Nxc4
16.Rfb1 Qa6 17.h4 Rad8 18.h5 Rfe8 19.hxg6 hxg6 20.e4 e5 21.Rd1 exd4 22.cxd4 c5
23.Rac1 Nb6 24.dxc5 Rxd1+ 25.Qxd1 Nxa4 26.e5 Qb5 27.c6 bxc6 28.Qd7 Rf8 29.e6 fxe6
30.Qxe6+ Kh7 31.Be5 Rxf3 32.Bxg7 Kxg7 33.Rxc6 Qb1+ 34.Kh2 Rf7 35.Qe5+ Kh7
36.Rc4 Rf5 37.Qe7+ Kh6 38.Qe3+ Kg7 39.Rc7+  1-0

[Event "I American Continental"]
[Site "Cali COL"]
[Date "2001.08.11"]
[Round "2"]
[White "Szmetan,J"]
[Black "Vittorino,C"]
[Result "0-1"]
[WhiteElo "2406"]
[BlackElo "2257"]

1.Nf3 d5 2.c4 c6 3.d4 e6 4.e3 f5 5.Bd3 Nf6 6.O-O Bd6 7.b3 Qe7 8.a4 O-O 9.Ba3 Bxa3
10.Nxa3 Nbd7 11.cxd5 cxd5 12.Qc2 b6 13.Rac1 Bb7 14.Qc7 Rac8 15.Qxb7 Rxc1
16.Rxc1 Qxa3 17.Qc6 Nc5 18.Rxc5 bxc5 19.Qxe6+ Kh8 20.Qd6 Qc1+ 21.Bf1 Re8
22.dxc5 Ne4 23.Qf4 Rf8 24.g3 Kg8 25.Kg2 Qxc5 26.Nd4 Qd6 27.Qxd6 Nxd6 28.Nc6 Rf7
29.b4 Rc7 30.b5 a6 31.Nd4 axb5 32.Bxb5 Nxb5 33.axb5 g6 34.Nc6 Rb7 35.Nd4 Kf7
36.Kf3 Kf6 37.h4 Ra7 38.Nc6 Rb7 39.Nd4 Ra7 40.Nc6 Ra1 41.Nd4 Ra2 42.Nc6 Rb2
43.Nd4 Ke5 44.Nc6+ Kf6 45.Nd4 h6 46.Kg2 Rd2 47.Kf3 Rb2 48.Kg2 g5 49.hxg5+ hxg5
50.Kf3 Ke5 51.Nc6+ Kf6 52.Nd4 Rd2 53.Nc6 g4+ 54.Kg2 Rb2 55.Nd4 Rb1 56.Kh2 Ke5
57.Kg2 Rd1 58.Nc6+ Kd6 59.Nd4 Rxd4  0-1

[Event "7th Stage Russian Cup"]
[Site "Togliatty RUS"]
[Date "2001.08.11"]
[Round "4"]
[White "Ovetchkin,R"]
[Black "Geller,J"]
[Result "1/2-1/2"]
[WhiteElo "2511"]
[BlackElo "2355"]

1.Nf3 d5 2.c4 e6 3.d4 c6 4.Qc2 dxc4 5.Qxc4 b5 6.Qc2 Bb7 7.e4 Nf6 8.Bd3 Nbd7
9.Bg5 a6 10.Qe2 h6 11.Bxf6 Qxf6 12.a4 Bb4+ 13.Nbd2 e5 14.O-O O-O 15.Nxe5 Nxe5
16.dxe5 Qxe5 17.Nf3 Qf4 18.e5 c5 19.axb5 axb5 20.Rxa8 Bxa8 21.Bxb5 Bxf3 22.gxf3 Ba5
23.Qe3 Qxe3 24.fxe3 Rb8 25.Bc4 Bd2 26.Kf2 Rxb2 27.f4 Rc2 28.Bd3 Rc1  1/2-1/2

[Event "Lost Boys Open"]
[Site "Amsterdam NED"]
[Date "2001.08.12"]
[Round "3"]
[White "Krnic,Z"]
[Black "Mellegers,J"]
[Result "1/2-1/2"]
[WhiteElo "2389"]
[BlackElo "2308"]

1.Nf3 d5 2.c4 c6 3.b3 Bg4 4.Ne5 Bh5 5.d4 e6 6.Nc3 Nf6 7.Bb2 Nbd7 8.Nxd7 Qxd7
9.Qd2 Rd8 10.e3 Bb4 11.f3 dxc4 12.Bxc4 Nd5 13.a3 Bxc3 14.Bxc3 Nxc3 15.Qxc3 O-O
16.O-O Rfe8 17.b4 f6 18.Rfd1 Bf7 19.Bb3 Qe7 20.e4 e5 21.dxe5 Qxe5 22.Bxf7+ Kxf7
23.Qe3 b6  1/2-1/2

[Event "FSIMA August"]
[Site "Budapest HUN"]
[Date "2001.08.12"]
[Round "9"]
[White "Moloney,N"]
[Black "Turzo,A"]
[Result "1/2-1/2"]
[WhiteElo "2208"]
[BlackElo "2372"]

1.Nf3 d5 2.c4 c6 3.b3 Bg4 4.Bb2 Nd7 5.g3 Ngf6 6.Bg2 e6 7.O-O a5 8.a3 Bc5
9.d4 Be7 10.Nbd2 O-O 11.Re1 Qb6 12.Rc1 Rfd8 13.c5 Qc7 14.Bc3 b5 15.b4 a4
16.Qc2 Bf5 17.Qb2 Ne4 18.Nxe4 Bxe4 19.Bd2 Re8 20.Bf4 Qb7 21.h4 Nf8 22.Ne5 Bxg2
23.Kxg2 Bd8 24.Nf3 Bc7 25.Qd2 Rad8 26.Rcd1 Rd7 27.Bxc7 Qxc7 28.Qf4 Qd8 29.g4 f6
30.Qg3 Qe7 31.h5 e5 32.Nh4 g6 33.e3 Qg7 34.f4 exd4 35.exd4 Re4 36.f5 g5 37.Nf3 Qe7
38.Rd2 Re3 39.Qf2 Rxe1 40.Qxe1 Qxe1 41.Nxe1 Re7 42.Nc2 Re4 43.Kf3 Rf4+ 44.Kg3 h6
45.Re2 Kf7  1/2-1/2

[Event "ch-FRA Gp A"]
[Site "Marsailles FRA"]
[Date "2001.08.13"]
[Round "1"]
[White "Hauchard,A"]
[Black "Vaisser,A"]
[Result "1/2-1/2"]
[WhiteElo "2513"]
[BlackElo "2556"]

1.Nf3 d5 2.c4 e6 3.b3 a5 4.Ba3 Bxa3 5.Nxa3 Nf6 6.Nc2 O-O 7.e3 c5 8.d4 b6
9.Bd3 Nc6 10.O-O Bb7 11.Ne5 Qc7 12.Nxc6 Qxc6 13.f3 a4 14.Qe2 cxd4 15.Nxd4 Qd6
16.Nb5 Qe7 17.Qb2 e5 18.Qa3 Rfe8 19.Qxe7 Rxe7 20.Nc3 axb3  1/2-1/2